[Event "Titled Tuesday intern op 04th May"]
[Site "Chess.com INT"]
[Date "2021.05.04"]
[Round "6"]
[White "Nakamura, Hikaru"]
[Black "Quesada Perez, Yuniesky"]
[Result "1-0"]
[WhiteElo "2736"]
[BlackElo "2593"]
[PlyCount "141"]
[EventDate "2021.05.04"]
[EventType "swiss (blitz)"]
[EventRounds "11"]
[EventCountry "USA"]
[SourceTitle "CBM 202 Extra"]
[Source "ChessBase"]
[SourceDate "2021.07.31"]
[SourceVersion "1"]
[SourceVersionDate "2021.06.30"]
[SourceQuality "1"]

1. Nf3 d5 2. e3 Nf6 3. b3 Bf5 4. Bb2 e6 5. Nh4 Bg6 6. Nxg6 hxg6 7. d3 Bd6 8. g3 Nbd7 9. Bg2 c6 10. Nd2 Qe7 $146 ({RR} 10... a5 11. a3 Qc7 12. Qe2 Be5 13. c3 g5 14. h3 Bd6 15. c4 Be5 16. d4 Bd6 17. O-O-O O-O 18. Kb1 c5 19. cxd5 exd5 20. dxc5 Be5 21. Nf3 Bxb2 22. Qxb2 Nxc5 23. Nxg5 Rfd8 24. Rd4 Ra6 25. Rc1 {Nakamura,H (2736)-Gordievsky,D (2559) Chess.com INT 2020 ½-½ (76)}) 11. a3 g5 12. Qe2 g4 13. c4 a5 14. d4 e5 15. cxd5 cxd5 16. h3 exd4 17. Bxd4 gxh3 18. Bxh3 Kf8 19. Kf1 Be5 20. Nf3 Bxd4 21. Nxd4 Qe4 22. f3 Qe7 23. Kg2 Ne5 24. Bf5 Rxh1 25. Rxh1 Kg8 26. Bb1 g6 27. a4 Nc6 28. Qd2 Re8 29. Kf2 Qc5 30. Rd1 Kg7 31. Ne2 Ne5 32. Qd4 Qc7 33. Rh1 Qc8 34. Nf4 Nc6 35. Qd2 d4 36. exd4 Qd8 37. d5 Qb6+ 38. Kg2 Nd4 39. Qf2 g5 40. Rd1 gxf4 41. Rxd4 Qxb3 42. Bc2 Qc3 43. Qd2 Qxd2+ 44. Rxd2 Rd8 45. Bb3 fxg3 46. Kxg3 Kf8 47. d6 Ne8 48. Rd5 b6 49. d7 Nf6 50. Rf5 Ke7 51. Re5+ Kf8 52. Rf5 Ke7 53. Re5+ Kf8 54. Kf4 Rxd7 55. Rb5 Rd6 56. Ke5 Ke7 57. Kf4 Nd7 58. Rf5 f6 59. Rh5 Rd4+ 60. Kf5 Nc5 61. Rh7+ Kd6 62. Bc2 Rc4 63. Bd1 Rc1 64. Be2 Rc2 65. Bb5 Rf2 66. f4 Ne6 67. Rh6 Rxf4+ 68. Kg6 Nd4 69. Be8 Ne6 70. Kf7 Nc5 71. Rh1 1-0

[Event "Titled Tuesday intern op 04th May"]
[Site "Chess.com INT"]
[Date "2021.05.04"]
[Round "8"]
[White "Onischuk, Vladimir"]
[Black "Zhigalko, Sergei"]
[Result "1-0"]
[WhiteElo "2622"]
[BlackElo "2572"]
[PlyCount "127"]
[EventDate "2021.05.04"]
[EventType "swiss (blitz)"]
[EventRounds "11"]
[EventCountry "USA"]
[SourceTitle "CBM 202 Extra"]
[Source "ChessBase"]
[SourceDate "2021.07.31"]
[SourceVersion "1"]
[SourceVersionDate "2021.06.30"]
[SourceQuality "1"]

1. Nf3 d5 2. g3 c6 3. Bg2 Bg4 4. O-O Nd7 5. d3 e6 6. Nbd2 Bd6 7. h3 Bh5 8. e4 Ne7 9. Qe1 O-O 10. Nh2 Re8 ({RR} 10... e5 11. Kh1 Qc7 12. Nb3 Rae8 13. Bd2 Bg6 14. c4 d4 15. Nf3 f6 16. Nh4 Bf7 17. Rc1 c5 18. Nf5 Be6 19. Nxd6 Qxd6 20. f4 Rb8 21. f5 Bf7 22. Rf3 b5 23. Bf1 Qa6 24. Qd1 Nc8 25. Qc2 {Martinovic,S (2513)-Grachev,B (2682) Sibenik 2011 0-1 (34)}) ({RR} 10... Qc7 11. f4 f6 12. d4 e5 13. dxe5 fxe5 14. f5 dxe4 15. g4 Bf7 16. Nxe4 Bc4 17. Rf2 Bd5 18. Nxd6 Qxd6 19. Bf1 b5 20. Bg5 Rae8 21. Rd1 Nc8 22. b3 Qc7 23. Bxb5 Nd6 24. Bd3 Nc5 25. Be3 {Petrovic,A (2263)-Kostov,D (2164) Paracin SRB 2023 1-0 (55)}) 11. f4 f6 12. g4 $146 ({RR} 12. Nhf3 dxe4 13. dxe4 Qc7 14. Kh1 e5 15. g4 Bf7 16. f5 g5 17. h4 h6 18. Qe2 b5 19. Rd1 Rad8 20. Nf1 Nf8 21. Be3 Nc8 22. a4 b4 23. N1d2 Be7 24. Nc4 Rxd1+ 25. Rxd1 Rd8 26. Rxd8 Qxd8 {Stocko,J (2222)-Pucovski,M (2314) Osijek 2010 ½-½ (40)}) 12... Bf7 13. Ndf3 Qc7 14. e5 fxe5 15. Ng5 exf4 16. Qh4 Nf8 17. Nxf7 Kxf7 18. Bxf4 Bxf4 19. Rxf4+ Kg8 20. Rf2 Nfg6 21. Qg5 Rf8 22. Nf3 Rf6 23. Raf1 Raf8 24. Qe3 e5 25. h4 d4 26. Qe1 Nd5 27. h5 Ngf4 28. Qxe5 Qxe5 29. Nxe5 Ne3 30. Nd7 Nfxg2 31. Nxf6+ gxf6 32. Rxg2 Nxg2 33. Kxg2 Kg7 34. Re1 Kf7 35. Kf3 Rd8 36. b4 Rd5 37. a4 a5 38. Rb1 axb4 39. Rxb4 b5 40. axb5 cxb5 41. Ke4 Rg5 42. Kf4 Rd5 43. Rb2 Rc5 44. Ra2 Ke6 45. Ke4 Rg5 46. Ra6+ Kd7 47. Ra7+ Kd6 48. Kf4 Rc5 49. Rxh7 Rxc2 50. Rb7 Kc6 51. Rf7 Rf2+ 52. Ke4 b4 53. Rf8 b3 54. Rb8 b2 55. Kxd4 Rf4+ 56. Kc3 Rxg4 57. Kxb2 Rh4 58. Rh8 Kd5 59. Kc3 Ke6 60. d4 Kd5 61. h6 Rh3+ 62. Kb4 Ke6 63. d5+ Ke5 64. Kc5 1-0

[Event "UKR-chT"]
[Site "Lvov"]
[Date "2021.??.??"]
[Round "5"]
[White "Kuzubov, Yuriy"]
[Black "Beliavsky, Alexander G"]
[Result "1-0"]
[WhiteElo "2642"]
[BlackElo "2517"]
[Annotator "Mikhalchishin,Adrian"]
[PlyCount "143"]
[EventDate "2021.05.06"]
[EventType "team-tourn"]
[EventRounds "7"]
[EventCountry "UKR"]
[SourceTitle "CBM 202 Extra"]
[Source "ChessBase"]
[SourceDate "2021.07.31"]
[SourceVersion "1"]
[SourceVersionDate "2021.06.30"]
[SourceQuality "1"]

{[%evp 0,143,24,24,27,-13,15,-20,28,6,-8,26,26,-38,15,3,18,26,26,10,29,8,12,-8,-6,-1,-1,28,28,24,24,14,4,9,9,10,12,-2,18,-18,26,31,26,54,54,53,39,30,41,34,35,34,34,34,34,34,34,52,56,53,53,38,93,69,90,71,76,61,68,54,62,62,53,84,84,53,64,59,72,72,69,81,80,94,66,47,87,52,87,93,95,73,96,81,104,100,100,120,133,137,98,142,125,116,169,126,110,119,164,136,148,184,210,228,231,228,228,228,231,145,151,157,158,217,265,279,275,274,330,343,343,343,363,261,264,245,257,274,279,279,832,992,992,1012,1012,1012]} {A decisive game of the Championship!} 1. Nf3 d5 2. g3 g6 3. c4 d4 4. b4 Bg7 ({I would prefer} 4... c5) 5. d3 e5 ({RR} 5... b6 6. Bg2 Bb7 7. O-O e5 8. a4 Ne7 9. a5 O-O 10. b5 a6 11. axb6 cxb6 12. bxa6 Nxa6 13. Ba3 Nc5 14. Nbd2 Qc7 15. Qc2 h6 16. Rfb1 Ra6 17. Bxc5 Rxa1 18. Rxa1 bxc5 19. Nb3 Nc6 20. Qb1 {Grandelius,N (2651)-Korobov,A (2688) Chess.com INT 2020 1-0 (43)}) 6. a4 $5 {Usually, White tries to develop first and just then to start space activity on the flank.} (6. Nbd2 Ne7 7. Bg2 O-O 8. O-O h6 (8... Nd7 9. a4 a6 10. Ba3 Re8 11. Nb3 Nf5 12. b5 h5 13. Nfd2 Ra7 14. Ne4 h4 15. c5 hxg3 16. hxg3 axb5 17. axb5 Nf8 18. Qc2 Be6 19. b6 Ra6 20. bxc7 Qxc7 21. Bb4 Rea8 22. Rxa6 Rxa6 23. Ng5 {Savon,V (2485)-Bronstein,D (2495) Moscow 1982, with a slight advantage,.}) 9. a4 Be6 10. Ba3 Qc8 11. Re1 Bh3 12. Bh1 Nf5 13. b5 Re8 14. Ne4 Nd7 15. e3 dxe3 16. fxe3 Nf6 17. Nxf6+ Bxf6 18. Nd2 Bg5 19. Qf3 {Vaganian,R (2640)-Speelman,J (2530) Moscow 1985, with better play.}) ({RR} 6. Nbd2 Bf5 7. Bg2 c6 8. Bb2 f6 9. c5 Be6 10. Ne4 Bf8 11. e3 dxe3 12. fxe3 Bd5 13. Ned2 Nd7 14. e4 Be6 15. d4 Bg7 16. Qc2 Nh6 17. O-O O-O 18. Nc4 Bxc4 19. Qxc4+ Kh8 20. d5 cxd5 {Gilbert,A (1797)-Skou,N Reykjavik ISL 2025 1-0 (40)}) 6... c5 $146 ({Better seemed to be} 6... a5 7. b5 c5 8. Bg2 Ra7 9. Ra2 b6 10. O-O Bf5 11. Nh4 Bg4 12. h3 Be6 13. e3 dxe3 14. fxe3 e4 15. Bxe4 Bxh3 16. Bg2 Be6 {Sipos,I (2492)-Sedlak,N (2595) Hungary 2018, with very solid play.}) ({RR} 6... a5 7. b5 c5 8. Bg2 Ra7 9. Ra2 b6 10. O-O Bf5 11. Nh4 Bg4 12. h3 Be6 13. e3 dxe3 14. fxe3 e4 15. Bxe4 Bxh3 16. Bg2 Be6 17. Bb2 Nf6 18. Qf3 Nbd7 19. Nd2 O-O 20. d4 Bg4 21. Qf4 {Sipos,I (2492)-Sedlak,N (2595) Hungary 2018 0-1 (40)}) 7. bxc5 Nc6 ({Or} 7... Na6 8. Bg2 Ne7 9. Ba3 Nxc5 10. Nbd2 Qc7 11. Ng5 O-O 12. Rb1 $14) 8. Bg2 Nf6 (8... f5) 9. O-O O-O 10. Bg5 Qa5 ({Better was direct} 10... h6 11. Bxf6 Bxf6 12. Nbd2 Be7 13. Nb3 Bf5) 11. Nfd2 Qxc5 12. Bxf6 $1 Bxf6 13. Ne4 Qe7 14. Nxf6+ Qxf6 15. a5 $1 Bf5 16. Nd2 Rac8 17. Qb3 (17. Qa4) 17... Rc7 18. Rfc1 ({More precise was} 18. Rfb1) 18... Qe7 {[#]} 19. Qa3 $1 {A great decision, as in the endgame White will keep serious presssure.} Re8 20. Qxe7 Rexe7 21. a6 b6 22. c5 $1 bxc5 ({White would stay clearly better after} 22... b5 23. Rab1 b4 24. Bxc6 Rxc6 25. Rxb4 Rxa6 26. Nc4) 23. Rxc5 Nb8 24. Rb5 Nd7 25. Nc4 e4 {What else to do?} 26. Nd6 exd3 27. Nxf5 gxf5 28. exd3 Nc5 29. Bf1 {This is not passivity, as Black's pawns soon will start to be the objects of attack.} Re6 30. Raa5 Nxa6 31. Bh3 $1 {Just like this - the bishop is entering the game.} Rec6 32. Bxf5 Rc5 {The best decision is to try to exchange all rooks.} 33. Rxc5 Nxc5 34. Kg2 Kg7 35. Kf3 h6 36. Kf4 Kf6 37. g4 $1 {With this simple plan Kuzubov will kick back the opponent's king.} a6 38. h4 Rc6 39. g5+ hxg5+ 40. hxg5+ Ke7 41. Ke5 Nb3 42. Ra3 Nd2 43. Ra2 Nf3+ 44. Kf4 Nh4 45. Be4 Ng6+ 46. Kg3 Rb6 47. f4 $1 {Now it is time to bring another pawn into action.} Nf8 48. f5 Nd7 49. Ra5 f6 50. g6 Rd6 51. Kf4 Kf8 52. Bd5 Ne5 53. Ke4 Kg7 54. Rc5 $1 {Precise realization.} Rd7 55. Rc8 a5 56. Rg8+ Kh6 57. Rh8+ ({Very good was} 57. Be6) 57... Kg7 58. Rh7+ Kf8 59. Rxd7 Nxd7 60. Kxd4 Ne5 61. Kc3 $1 {The knight must be kicked away from the center.} Nd7 62. d4 Nb6 63. Be6 Na8 64. d5 Nc7 65. Kc4 Ne8 66. Kb5 a4 67. Kxa4 Ke7 68. Kb5 Kd6 69. Kb6 Ke7 ({Or} 69... Ng7 70. Kb7 Ne8 71. Kc8) 70. Kc6 Ng7 71. Bd7 Kd8 72. Kd6 {Kuzubov played this game in pure Vassily Smyslov style!} 1-0

[Event "CHN-ch"]
[Site "Xinghua"]
[Date "2021.05.11"]
[Round "6"]
[White "Yu, Yangyi"]
[Black "Xu, Yinglun"]
[Result "1-0"]
[WhiteElo "2709"]
[BlackElo "2554"]
[PlyCount "69"]
[EventDate "2021.05.07"]
[EventType "tourn"]
[EventRounds "11"]
[EventCountry "CHN"]
[SourceTitle "CBM 202 Extra"]
[Source "ChessBase"]
[SourceDate "2021.07.31"]
[SourceVersion "1"]
[SourceVersionDate "2021.06.30"]
[SourceQuality "1"]

1. Nf3 Nf6 2. g3 d5 3. Bg2 c6 4. O-O Bg4 5. h3 Bxf3 6. Bxf3 e5 7. d3 Bc5 ({RR} 7... Nbd7 8. e4 dxe4 9. dxe4 Nc5 10. Nd2 Be7 11. Qe2 O-O 12. Rd1 Qc8 13. h4 Rd8 14. Re1 Ne6 15. Nb3 a5 16. a4 b5 17. c3 Qb7 18. Qc2 bxa4 19. Rxa4 Qb5 20. Ra2 a4 21. Nd2 Nc5 22. Be2 {Karjakin,S (2770)-Kramnik,V (2760) Sochi 2014 1-0 (36)}) 8. c4 ({RR} 8. e4 dxe4 9. dxe4 Qxd1 10. Rxd1 Nbd7 11. Nd2 Ke7 12. Nc4 a5 13. a4 Rhd8 14. Bd2 b6 15. Bc3 Ke6 16. h4 h5 17. Bg2 Ng4 18. Bh3 Bxf2+ 19. Kg2 Bc5 20. Rf1 g6 21. Rae1 b5 22. Ne3 Ndf6 {Mikhalevski,V (2506)-Vaganian,R (2449) chess.com INT 2025 0-1 (39)}) 8... d4 $146 ({RR} 8... dxc4 9. Qc2 Nbd7 10. Qxc4 Qe7 11. Nc3 O-O 12. Bd2 h6 13. Rac1 a5 14. Qb3 Rfb8 15. Na4 Bd6 16. Be3 Ra6 17. Qc2 Qe6 18. g4 Qxa2 19. Qc4 Qxc4 20. dxc4 b5 21. cxb5 cxb5 22. Nc3 a4 23. Ne4 {Ghasi,A (2485)-Speelman,J (2504) London 2021 ½-½ (33)}) 9. Na3 Bxa3 10. bxa3 Nbd7 11. a4 O-O 12. Ba3 Re8 13. Rb1 Qc7 14. Qc2 Rab8 15. Rb3 b6 16. c5 bxc5 17. Bxc5 Nd5 18. Bxd4 Nb4 19. Qd2 exd4 20. Rxb4 c5 21. Rc1 Rxb4 22. Qxb4 Rc8 23. Qb5 g6 24. Bg4 f5 25. Bf3 Kg7 26. a5 Qd6 27. Qb7 Rc7 28. Qa8 Qa6 29. Qd8 Qxa5 30. Qe7+ Kh6 31. e3 Qb6 32. exd4 cxd4 33. Rxc7 Qxc7 34. Kg2 Qc8 35. Qh4+ 1-0

[Event "CHN-ch"]
[Site "Xinghua"]
[Date "2021.05.15"]
[Round "11"]
[White "Wei, Yi"]
[Black "Xu, Zhihang"]
[Result "1-0"]
[WhiteElo "2732"]
[BlackElo "2506"]
[PlyCount "75"]
[EventDate "2021.05.07"]
[EventType "tourn"]
[EventRounds "11"]
[EventCountry "CHN"]
[SourceTitle "CBM 202 Extra"]
[Source "ChessBase"]
[SourceDate "2021.07.31"]
[SourceVersion "1"]
[SourceVersionDate "2021.06.30"]
[SourceQuality "1"]

1. Nf3 d5 2. c4 d4 3. b4 Bg4 4. g3 Bxf3 5. exf3 e5 6. a3 a5 7. b5 Nd7 8. d3 Nc5 9. a4 Nf6 10. Bg2 Bd6 11. O-O O-O 12. Qc2 $146 ({RR} 12. Ba3 Nfd7 13. Qc2 f5 14. Nd2 Qf6 15. Rfe1 Rae8 16. Re2 Re7 17. Rae1 Rfe8 18. Bb2 Ne6 19. f4 exf4 20. Bxb7 fxg3 21. hxg3 Bb4 22. Bd5 Ndc5 23. Ra1 Bxd2 24. Rxd2 Kh8 25. Ba3 f4 26. Qd1 Qg5 {Arabidze,M (2458)-Zhigalko,S (2572) chess.com INT 2024 0-1 (31)}) 12... Nfd7 13. Nd2 f5 14. Bb2 Qf6 15. Rae1 Qg6 16. f4 exf4 17. Bxd4 fxg3 18. fxg3 f4 19. gxf4 Qxd3 20. Qxd3 Nxd3 21. Bxb7 Rab8 22. Bd5+ Kh8 23. Re3 Nxf4 24. Bc6 Nc5 25. Ne4 Nxe4 26. Rxe4 Nd3 27. Rd1 Nc5 28. Rg4 Rf7 29. Re1 Bf8 30. Bd5 Rd7 31. Bc6 Rf7 32. Re5 Nxa4 33. Rh5 Be7 34. Be4 Rd8 35. Rxh7+ Kg8 36. Bxg7 Rd1+ 37. Kg2 Rd2+ 38. Kh3 1-0

[Event "Titled Tuesday intern op 11th May"]
[Site "Chess.com INT"]
[Date "2021.05.11"]
[Round "5"]
[White "Shimanov, Aleksandr"]
[Black "Ivanisevic, Ivan"]
[Result "1-0"]
[WhiteElo "2597"]
[BlackElo "2606"]
[PlyCount "79"]
[EventDate "2021.05.11"]
[EventType "swiss (blitz)"]
[EventRounds "11"]
[EventCountry "USA"]
[SourceTitle "CBM 202 Extra"]
[Source "ChessBase"]
[SourceDate "2021.07.31"]
[SourceVersion "1"]
[SourceVersionDate "2021.06.30"]
[SourceQuality "1"]

1. Nf3 d5 2. g3 Nd7 3. Bg2 e5 4. d3 c6 5. e4 ({RR} 5. O-O Bd6 6. e4 dxe4 7. dxe4 Qe7 8. Nbd2 Ngf6 9. Qe2 O-O 10. Nc4 Bc7 11. a4 Nc5 12. Ne1 Bg4 13. f3 Be6 14. b3 a5 15. Ba3 b5 16. axb5 cxb5 17. Ne3 b4 18. Bb2 Nfd7 19. f4 f6 {Pultinevicius,P (2563)-Henriquez Villagra,C (2597) chess.com INT 2025 0-1 (34)}) 5... Ngf6 ({RR} 5... Bd6 6. Nc3 Ne7 7. O-O O-O 8. d4 dxe4 9. Nxe4 Bc7 10. b3 Nf5 11. Ba3 Re8 12. d5 Nf6 13. Nxf6+ Qxf6 14. c4 Bd7 15. d6 Nxd6 16. Bxd6 Bxd6 17. c5 e4 18. Nd2 Be5 19. Nxe4 Qe7 20. Rc1 {Movsesian,S (2723)-Jaracz,P (2541) Mainz 2010 ½-½ (50)}) 6. Nbd2 dxe4 7. dxe4 Bc5 $146 ({RR} 7... Be7 8. c3 Qc7 9. Qc2 b6 10. Nc4 Ba6 11. b3 Bxc4 12. bxc4 Nc5 13. O-O O-O 14. Ba3 Nb7 15. Bc1 Rfe8 16. Nh4 Rad8 17. Nf5 Nc5 18. Ba3 Bf8 19. Rad1 Ne6 20. Bc1 Rxd1 21. Rxd1 Rd8 22. Rxd8 {Bauer,D (1908)-Meyer,R (2196) Illertissen 2005 0-1 (51)}) 8. O-O a5 9. a4 O-O 10. Qe2 Qc7 11. Nb3 Bb6 12. Bg5 h6 13. Bd2 Re8 14. Nh4 Nc5 15. Nxc5 Bxc5 16. Kh1 g5 17. Nf3 Bg4 18. h3 Bh5 19. Bc3 Rad8 20. Qe1 Bb6 21. Nd2 Bd4 22. Nb3 Bxc3 23. Qxc3 b6 24. f4 c5 25. fxg5 Nh7 26. gxh6 Qe7 27. Nd2 Rd4 28. Nc4 Qe6 29. Ne3 Bg6 30. Nf5 Bxf5 31. Rxf5 Qxh6 32. Raf1 Re7 33. h4 Qd2 34. Qf3 Rdd7 35. Bh3 Qxc2 36. Rh5 Rd6 37. Bf5 Nf8 38. Rg5+ Rg6 39. Bxg6 Nxg6 40. h5 1-0

[Event "Titled Tuesday intern op 11th May"]
[Site "Chess.com INT"]
[Date "2021.05.11"]
[Round "6"]
[White "Nakamura, Hikaru"]
[Black "Praggnanandhaa, Rameshbabu"]
[Result "1-0"]
[WhiteElo "2736"]
[BlackElo "2608"]
[PlyCount "105"]
[EventDate "2021.05.11"]
[EventType "swiss (blitz)"]
[EventRounds "11"]
[EventCountry "USA"]
[SourceTitle "CBM 202 Extra"]
[Source "ChessBase"]
[SourceDate "2021.07.31"]
[SourceVersion "1"]
[SourceVersionDate "2021.06.30"]
[SourceQuality "1"]

1. Nf3 d5 2. b3 Bg4 3. e3 e6 4. Bb2 Nf6 5. d3 ({RR} 5. d4 Nbd7 6. Be2 Bd6 7. Nbd2 O-O 8. O-O c6 9. Ne5 Bf5 10. Ndf3 Ne4 11. Nxd7 Qxd7 12. Ne5 Qc7 13. f3 Nf6 14. Bd3 a5 15. Qe2 Bxd3 16. Qxd3 a4 17. c4 Rfd8 18. f4 Ne4 19. Rfc1 Qe7 {Ayushh,R (1953)-Le Tuan Minh (2564) chess.com INT 2024 0-1 (45)}) 5... a5 6. a3 Nbd7 ({RR} 6... a4 7. b4 c5 8. bxc5 Bxc5 9. Nbd2 Nc6 10. d4 Be7 11. c4 O-O 12. cxd5 exd5 13. Bd3 Qa5 14. O-O b5 15. Qb1 b4 16. Ne5 Nxe5 17. dxe5 bxa3 18. exf6 axb2 19. fxe7 Rfb8 20. e8=Q+ Rxe8 21. Qxb2 {Nakamura,H (2736)-Le,Q (2709) Chess.com INT 2022 1-0 (37)}) 7. h3 $146 ({RR} 7. Nbd2 Bd6 8. h3 Bxf3 9. Nxf3 O-O 10. Be2 c6 11. O-O Qe7 12. c4 Rfd8 13. Qc2 Nf8 14. e4 dxe4 15. dxe4 e5 16. c5 Bxc5 17. Nxe5 Bd4 18. Bxd4 Rxd4 19. Nf3 Rxe4 20. Bd3 Re6 21. Bc4 Nd5 {Topalov,V (2793)-Aronian,L (2813) Stavanger 2013 0-1 (33)}) 7... Bh5 8. g4 Bg6 9. Nh4 a4 10. b4 c5 11. bxc5 Bxc5 12. Nd2 O-O 13. Bg2 Ra6 14. Nxg6 hxg6 15. O-O Rb6 16. Qc1 Rc6 17. c4 Bd6 18. Qd1 Ne5 19. c5 Bb8 20. d4 Nd3 21. Bc3 e5 22. dxe5 Bxe5 23. Bxe5 Nxe5 24. Qxa4 Rxc5 25. Rab1 Qc7 26. Qd4 b6 27. Qb2 Rc2 28. Qd4 Nc6 29. Qxb6 Qe7 30. Rb2 Rxb2 31. Qxb2 Ra8 32. Ra1 Ne4 33. Nxe4 dxe4 34. Qc2 Qf6 35. Ra2 Qe6 36. Bxe4 Nb4 37. Qb1 Nxa2 38. Bxa8 Qc4 39. Bf3 Nc3 40. Qb4 Qd3 41. Kg2 Qc2 42. Qc4 Qb2 43. a4 Qa3 44. Bc6 Nd1 45. Be8 Qe7 46. Bb5 Qf6 47. Qf4 Qb2 48. Bc4 Qb7+ 49. Qf3 Qd7 50. a5 Nb2 51. Bb3 Nd3 52. Qd5 Ne1+ 53. Kf1 1-0

[Event "Titled Tuesday intern op 11th May"]
[Site "Chess.com INT"]
[Date "2021.05.11"]
[Round "6"]
[White "Paravyan, David"]
[Black "Sevian, Samuel"]
[Result "1-0"]
[WhiteElo "2647"]
[BlackElo "2660"]
[PlyCount "100"]
[EventDate "2021.05.11"]
[EventType "swiss (blitz)"]
[EventRounds "11"]
[EventCountry "USA"]
[SourceTitle "CBM 202 Extra"]
[Source "ChessBase"]
[SourceDate "2021.07.31"]
[SourceVersion "1"]
[SourceVersionDate "2021.06.30"]
[SourceQuality "1"]

1. Nf3 d5 2. b3 Nf6 3. Bb2 c5 4. e3 Nc6 5. Bb5 Bd7 6. O-O e6 7. c4 a6 8. Bxc6 Bxc6 9. Ne5 Rc8 10. Nxc6 Rxc6 11. Bxf6 ({RR} 11. cxd5 Qxd5 12. Bxf6 gxf6 13. Nc3 Qd3 14. Rc1 Bd6 15. Qf3 f5 16. Rfd1 O-O 17. Ne2 Rfc8 18. g3 b5 19. Kg2 Be5 20. Nf4 Qe4 21. d3 Qxf3+ 22. Kxf3 Bxf4 23. Kxf4 c4 24. bxc4 bxc4 25. d4 c3 {Caruana,F (2796)-Oparin,G (2662) chess.com INT 2024 ½-½ (38)}) 11... Qxf6 12. Nc3 $146 ({RR} 12. cxd5 exd5 13. Nc3 Rd6 14. e4 Be7 15. Nxd5 Qe5 16. d3 O-O 17. Rc1 Rdd8 18. f4 Qd4+ 19. Kh1 Bd6 20. Rc4 Qb2 21. Rc2 Qd4 22. f5 f6 23. Qe2 b5 24. Qe3 Qe5 25. Qh3 Rc8 26. Nf4 Rf7 {Anton Guijarro,D (2665)-Bharath,S (2561) chess.com INT 2024 0-1 (40)}) 12... d4 13. exd4 Qxd4 14. Ne2 Qd3 15. Rc1 Be7 16. Rc3 Qd7 17. d4 cxd4 18. Qxd4 Qxd4 19. Nxd4 Rd6 20. Nf3 Bf6 21. Rc2 Ke7 22. g3 Rhd8 23. Re1 Rd3 24. Kg2 a5 25. h4 g6 26. Ree2 Rd1 27. Red2 R8xd2 28. Nxd2 Bd4 29. c5 Kd7 30. Nc4 Bxc5 31. Ne5+ Kd6 32. Nxf7+ Kd5 33. Ng5 Bd4 34. Nxh7 Ke4 35. Nf8 Kd3 36. Rc7 Rd2 37. Rf7 e5 38. Nxg6 Rxa2 39. h5 e4 40. Nf4+ Kc3 41. Ne6 Be5 42. Rf5 Bh8 43. h6 e3 44. Rf3 Rxf2+ 45. Rxf2 exf2 46. g4 Kd3 47. g5 Ke2 48. Nf4+ Ke3 49. g6 Be5 50. g7 Bxf4 1-0

[Event "Titled Tuesday intern op 11th May"]
[Site "Chess.com INT"]
[Date "2021.05.11"]
[Round "6"]
[White "Svane, Rasmus"]
[Black "Lintchevski, Daniil"]
[Result "1-0"]
[WhiteElo "2615"]
[BlackElo "2555"]
[PlyCount "96"]
[EventDate "2021.05.11"]
[EventType "swiss (blitz)"]
[EventRounds "11"]
[EventCountry "USA"]
[SourceTitle "CBM 202 Extra"]
[Source "ChessBase"]
[SourceDate "2021.07.31"]
[SourceVersion "1"]
[SourceVersionDate "2021.06.30"]
[SourceQuality "1"]

1. Nf3 d5 2. g3 Bg4 3. Bg2 c6 4. h3 Bh5 5. O-O Nd7 6. d4 Ngf6 7. c4 e6 8. cxd5 exd5 9. Ne5 Bg6 10. Nc3 Be7 11. f4 Be4 12. Nxe4 Nxe4 13. Bxe4 dxe4 14. Qb3 $146 ({RR} 14. Be3 O-O 15. Qb3 Nb6 16. a4 Qd5 17. Qc2 a5 18. f5 f6 19. Ng4 Rfe8 20. b3 Bd6 21. Kg2 Rad8 22. Rad1 Kh8 23. Bf4 Bxf4 24. Rxf4 e3+ 25. Rf3 h5 26. Nh2 Qe4 27. Qc5 Nd5 28. Qxa5 Qc2 {Grandelius,N (2670)-Astafurov,A (2276) Chess.com INT 2021 ½-½ (83)}) 14... Nxe5 15. dxe5 Qb6+ 16. Be3 Bc5 17. Bxc5 Qxc5+ 18. Kg2 O-O 19. Rad1 Rad8 20. e6 Qe7 21. exf7+ Qxf7 22. Qxf7+ Kxf7 23. Kf2 Rd5 24. Ke3 Rfd8 25. Rxd5 Rxd5 26. Rc1 g5 27. fxg5 Rxg5 28. g4 h5 29. Rf1+ Ke6 30. Rf4 hxg4 31. Rxe4+ Kd5 32. hxg4 Rg8 33. Rf4 Ke6 34. Kf3 b5 35. b4 a5 36. a3 axb4 37. axb4 Ra8 38. g5 Ra3+ 39. e3 Ra8 40. Kg4 Rb8 41. Rf5 Rg8 42. e4 Kd6 43. Kf4 Ke6 44. Rf6+ Kd7 45. g6 Ke7 46. Kf5 Rh8 47. Rf7+ Kd6 48. e5+ Kd5 1-0

[Event "Titled Tuesday intern op 11th May"]
[Site "Chess.com INT"]
[Date "2021.05.11"]
[Round "11"]
[White "Pantsulaia, Levan"]
[Black "Sadhwani, Raunak"]
[Result "1-0"]
[WhiteElo "2553"]
[BlackElo "2555"]
[PlyCount "87"]
[EventDate "2021.05.11"]
[EventType "swiss (blitz)"]
[EventRounds "11"]
[EventCountry "USA"]
[SourceTitle "CBM 202 Extra"]
[Source "ChessBase"]
[SourceDate "2021.07.31"]
[SourceVersion "1"]
[SourceVersionDate "2021.06.30"]
[SourceQuality "1"]

1. g3 e5 2. Bg2 d5 3. c4 d4 4. d3 Nc6 5. Nf3 Bc5 6. O-O Nge7 7. Na3 O-O 8. Nc2 a5 ({RR} 8... Ng6 9. a3 a5 10. Nd2 Be6 11. Rb1 a4 12. b4 axb3 13. Nxb3 Bd6 14. Nb4 Qd7 15. Qd2 Bh3 16. Bxh3 Qxh3 17. c5 Be7 18. Nd5 Rad8 19. Nxe7+ Ncxe7 20. Qc2 {0-1 (20) Mwali,C (2312)-Keinanen,T (2554) Budapest HUN 2024}) 9. b3 Ng6 $146 ({RR} 9... Bg4 10. a3 Qd7 11. Rb1 Ng6 12. b4 Be7 13. b5 Nd8 14. Re1 Bh3 15. Bh1 Ne6 16. Nd2 Rab8 17. a4 f5 18. Nb3 b6 19. Bc6 Qc8 20. e3 dxe3 21. Nxe3 Bb4 22. Bd2 Ng5 23. Bxb4 axb4 24. Qh5 {Postny,E (2551)-Dardha,D (2612) chess.com INT 2023 0-1 (33)}) ({RR} 9... h6 10. a3 Ng6 11. Rb1 Re8 12. b4 Bf8 13. Nd2 f5 14. Nb3 a4 15. Nd2 Be6 16. b5 Na5 17. Nb4 Ne7 18. Qxa4 c5 19. bxc6 bxc6 20. Qc2 Qc7 21. Nb3 Nxb3 22. Rxb3 Ra7 23. Bd2 Rd8 24. Qb2 {Kotsur,P (2548)-Granda Zuniga,J (2679) Pavlodar 2015 1-0 (78)}) 10. a3 Qe7 11. Rb1 Bf5 12. Qd2 e4 13. Nfe1 Rad8 14. b4 axb4 15. axb4 Ba7 16. Ba3 Nce5 17. b5 Bc5 18. Bxc5 Qxc5 19. dxe4 Nxc4 20. Qb4 Qxb4 21. Rxb4 Bg4 22. Rxc4 Bxe2 23. Rxc7 d3 24. Nxd3 Bxd3 25. Re1 Rc8 26. b6 Rxc7 27. bxc7 Rc8 28. Nb4 Bc4 29. Nd5 Bxd5 30. exd5 Rxc7 31. Bh3 Re7 32. Rc1 Re8 33. d6 Rd8 34. d7 Kf8 35. f4 Ne7 36. Rc7 f5 37. Rxb7 Kf7 38. Bf1 Ke6 39. Bc4+ Kd6 40. Bb5 h6 41. Rb6+ Kc5 42. Re6 Nd5 43. Ba4 Nc3 44. Re8 1-0